Los Niños, la población y el desarrollo

Guardado en:
Bibliografiske detaljer
Institution som forfatter: UNICEF
Format: Texto
Udgivet: Nueva York: UNICEF
Tags: Tilføj Tag
Ingen Tags, Vær først til at tagge denne postø!

MARC

LEADER 00000 a a2200000 04500
001 5276
003
040 |a CRAI/IIS  |c CRAI/IIS 
090 |a 121400  
110 |a UNICEF  
245 |a Los Niños, la población y el desarrollo  
260 |a Nueva York:   |b UNICEF  
300 |a s. p  
999 |c 17803  |d 17803